Hermanas = Sorelle /

Detalles Bibliográficos
Autor principal: Araya, Sandra, 1980- (Autor)
Otros Autores: Larriva Calle, Diego (Ilustrador), Tripaldi, Anna (Traductor)
Formato: Electrónico eBook
Lenguaje:español
italiano
Publicado: Cuenca, Ecuador : Universidad del Azuay, Casa Editora, [2024]
Materias:
Acceso en línea:Digitalia Hispánica

MARC

LEADER 00000nam a2200000 i 4500
001 DIGUAZUAY0260
003 NyNyDIG
007 cr |||||||||||
008 260114s2024 ec a o 000 j spa d
006 m o d
035 |a (OCoLC)1569883693 
040 |a DGITA  |b eng  |e rda  |e pn  |c DGITA 
020 |a 9789942645791  |q eBook 
020 |z 9789942645784 
041 1 |a spa  |a ita  |h spa 
050 1 4 |a PQ8220.41.R39 ebook 
100 1 |a Araya, Sandra,  |d 1980-  |e author. 
245 1 0 |a Hermanas =  |b Sorelle /  |c Sandra Araya ; ilustración, Diego Larriva ; traducción al italiano, Anna Tripaldi. 
246 3 1 |a Sorelle 
264 1 |a Cuenca, Ecuador :  |b Universidad del Azuay, Casa Editora,  |c [2024] 
300 |a 1 online resource :  |b color illustrations. 
336 |a text  |b txt  |2 rdacontent 
337 |a computer  |b c  |2 rdamedia 
338 |a online resource  |b cr  |2 rdacarrier 
347 |a text file  |2 rdaft 
347 |b PDF 
546 |a Text in Spanish and Italian. 
588 0 |a Online resource; title from PDF title page (Digitalia, viewed January 14, 2026) 
655 7 |a Fiction.  |2 lcgft 
655 7 |a Short stories.  |2 lcgft 
700 1 |a Larriva Calle, Diego,  |e illustrator. 
700 1 |a Tripaldi, Anna,  |e translator. 
700 1 2 |i Container of (expression):  |a Araya, Sandra,  |d 1980-  |t Hermanas.  |l Italian  |s (Tripaldi) 
791 2 |a Digitalia (Firm),  |e distributor. 
793 0 |g Digitalia eBook Collection:  |a Universidad del Azuay 
776 0 8 |i Print version:  |a Araya, Sandra, 1980-  |t Hermanas.  |d Cuenca, Ecuador : Universidad del Azuay, Casa Editora, [2024]  |z 9789942645784 
856 4 0 |3 Digitalia Hispánica  |u https://www.digitaliapublishing.com/a/170488/ 
910 |a Premium collection: 2026